U.S States with Desert Climates - Statistics

General Stats
  • This quiz has been taken 458 times
    304 since last reset
  • The average score is 11 of 12
Answer Stats
State % Correct
Arizona
99%
California
99%
New Mexico
98%
Texas
98%
Utah
97%
Nevada
96%
Colorado
95%
Idaho
91%
Oregon
91%
Wyoming
89%
Washington
88%
Hawaii
86%
No matching quizzes found
Score Distribution
Percent of People with Each Score
Percentile by Number Answered
Your Score History
You have not taken this quiz since the last reset